[Event "Hoogeveen Amateurs op 25th"]
[Site "Hoogeveen"]
[Date "2022.10.22"]
[Round "7.6"]
[White "Muller, Kenneth"]
[Black "Van Den Berg, Leon"]
[Result "1/2-1/2"]
[WhiteElo "1857"]
[BlackElo "1216"]
[PlyCount "128"]
[EventDate "2022.10.15"]
[EventType "swiss"]
[EventRounds "7"]
[EventCountry "NED"]
[SourceTitle "CBM 210 Extra"]
[Source "ChessBase"]
[SourceDate "2022.11.30"]
[SourceVersion "1"]
[SourceVersionDate "2022.11.30"]
[SourceQuality "1"]

1. d4 c5 2. d5 e5 3. Nc3 d6 4. e4 Nf6 5. Bb5+ Bd7 6. a4 a6 7. Bc4 Be7 8. Nge2 0-0 9. 0-0 Bg4 10. f3 Bh5 11. Ng3 Bg6 12. f4 exf4 13. Bxf4 Nbd7 14. Re1 Ne5 15. Bxe5 dxe5 16. Nf5 Ne8 17. Nxe7+ Qxe7 18. a5 Nd6 19. Bf1 f5 20. Bd3 f4 21. Na4 Rac8 22. Nb6 Rc7 23. b3 Qg5 24. Qf3 Bh5 25. Qf2 f3 26. g3 Bg4 27. Nc4 Rf6 28. Nxd6 Rxd6 29. Qe3 Qh5 30. Rf1 Rf6 31. Rf2 Bh3 32. Bf1 Bg4 33. b4 cxb4 34. Rb1 Qg6 35. Rxb4 h5 36. h4 Bh3 37. Qg5 Bxf1 38. Qxe5 Rcf7 39. Kxf1 Qg4 40. Rb6 Qh3+ 41. Kg1 Rxb6 42. axb6 Rf6 43. Qe8+ Rf8 44. Qxh5 Qxg3+ 45. Kf1 Qh3+ 46. Ke1 Qh1+ 47. Kd2 Qg1 48. Rxf3 Qg2+ 49. Ke3 Qg1+ 50. Kd3 Qd1+ 51. Ke3 Qc1+ 52. Kd4 Qb2+ 53. Kd3 Qb5+ 54. Kd2 Qb4+ 55. Kc1 Qe1+ 56. Kb2 Qb4+ 57. Kc1 Qe1+ 58. Kb2 Qb4+ 59. Rb3 Qd4+ 60. Ka2 Rf1 61. Qe8+ Kh7 62. Qh5+ Kg8 63. Qe8+ Kh7 64. Qh5+ Kg8 1/2-1/2

[Event "Hoogeveen Amateurs op 25th"]
[Site "Hoogeveen"]
[Date "2022.10.17"]
[Round "3.4"]
[White "Muller, Kenneth"]
[Black "De Jonge, Edwin"]
[Result "1-0"]
[WhiteElo "1857"]
[BlackElo "1754"]
[PlyCount "125"]
[EventDate "2022.10.15"]
[EventType "swiss"]
[EventRounds "7"]
[EventCountry "NED"]
[SourceTitle "CBM 210 Extra"]
[Source "ChessBase"]
[SourceDate "2022.11.30"]
[SourceVersion "1"]
[SourceVersionDate "2022.11.30"]
[SourceQuality "1"]

1. d4 d5 2. Nc3 Nf6 3. Bf4 a6 4. e3 e6 5. g4 c5 6. g5 Nfd7 7. Nf3 Nc6 8. a3 cxd4 9. exd4 Be7 10. h4 b5 11. Bd3 Qb6 12. Ne2 b4 13. a4 a5 14. h5 Ba6 15. Rh2 f6 16. gxf6 Bxf6 17. Ng5 Bxd3 18. Qxd3 Nf8 19. 0-0-0 Rc8 20. b3 Ne7 21. Ng3 Rc3 22. Qb5+ Rc6 23. Qxb6 Rxb6 24. Nf3 Rc6 25. Ne5 Rc8 26. Rhh1 Nc6 27. Rhe1 Nxe5 28. Bxe5 Bxe5 29. Rxe5 Kf7 30. Rde1 Rc6 31. Ne2 Nd7 32. Rg5 Rhc8 33. c3 Nf6 34. Reg1 Rg8 35. f3 h6 36. Re5 Rgc8 37. Kb2 bxc3+ 38. Kc2 Nd7 39. Re3 Nf6 40. Nf4 Rb6 41. Rge1 Rcc6 42. Nd3 Nd7 43. f4 Kf6 44. Rg3 Nf8 45. Nc5 Rb4 46. Kxc3 Rc7 47. Rge3 Rb6 48. Kb2 Rcc6 49. Re5 Rb4 50. Kc3 Rbb6 51. f5 exf5 52. Rf1 g6 53. hxg6 Kxg6 54. Rexf5 Nd7 55. Rxd5 Nf6 56. Rg1+ Kf7 57. Rf5 Ke7 58. Rg7+ Kd8 59. Kd3 Rd6 60. Nb7+ Rxb7 61. Rxb7 Nd7 62. Rxa5 Kc8 63. Rbb5 1-0

[Event "Groningen op-B 57th"]
[Site "Groningen"]
[Date "2019.12.29"]
[Round "8"]
[White "Ritter, Uwe"]
[Black "Muller, Kenneth"]
[Result "1-0"]
[WhiteElo "1981"]
[BlackElo "1806"]
[PlyCount "127"]
[EventDate "2019.12.21"]
[EventType "swiss"]
[EventRounds "9"]
[EventCountry "NED"]
[SourceTitle "CBM 194 Extra"]
[Source "ChessBase"]
[SourceDate "2020.03.31"]
[SourceVersion "1"]
[SourceVersionDate "2020.03.31"]
[SourceQuality "1"]

1. e4 d5 2. exd5 Qxd5 3. Nc3 Qd8 4. d4 Nf6 5. Nf3 Bg4 6. h3 Bxf3 7. Qxf3 c6 8. Be3 e6 9. Bc4 Nbd7 10. 0-0-0 Qc7 11. Rhe1 0-0-0 12. Bg5 h6 13. Bf4 Bd6 14. Bxd6 Qxd6 15. Ne4 Qb4 16. c3 Qe7 17. Kb1 Nxe4 18. Qxe4 Nf6 19. Qe2 Qc7 20. Qe5 Rd7 21. Qxc7+ Kxc7 22. Re5 Rhd8 23. Rde1 Nd5 24. Bxd5 Rxd5 25. Kc2 Rxe5 26. dxe5 c5 27. Re3 Kc6 28. Rf3 Rd7 29. c4 a6 30. Rd3 Re7 31. g4 f6 32. exf6 gxf6 33. Rd8 h5 34. Rf8 hxg4 35. hxg4 Rg7 36. f3 Rg6 37. b3 Kd6 38. Kd3 Rh6 39. Ke4 a5 40. f4 Rh4 41. Rd8+ Kc7 42. Rg8 Rh2 43. Rg7+ Kd6 44. Rxb7 Re2+ 45. Kd3 Rxa2 46. Rb6+ Kd7 47. f5 exf5 48. gxf5 Ke7 49. Re6+ Kf7 50. Rc6 Ra3 51. Rc7+ Ke8 52. Kc2 a4 53. bxa4 Rxa4 54. Rxc5 Ra3 55. Rd5 Ke7 56. c5 Ke8 57. Kb2 Re3 58. c6 Re7 59. Kc3 Rc7 60. Rd6 Ke7 61. Re6+ Kf7 62. Kc4 Ra7 63. Kb5 Ra1 64. c7 1-0

[Event "Groningen op-B 57th"]
[Site "Groningen"]
[Date "2019.12.28"]
[Round "7"]
[White "Muller, Kenneth"]
[Black "Novotny, David"]
[Result "0-1"]
[WhiteElo "1806"]
[BlackElo "1810"]
[PlyCount "64"]
[EventDate "2019.12.21"]
[EventType "swiss"]
[EventRounds "9"]
[EventCountry "NED"]
[SourceTitle "CBM 194 Extra"]
[Source "ChessBase"]
[SourceDate "2020.03.31"]
[SourceVersion "1"]
[SourceVersionDate "2020.03.31"]
[SourceQuality "1"]

1. d4 Nf6 2. Nc3 d5 3. Bf4 Bf5 4. f3 e6 5. g4 Bg6 6. h4 h5 7. g5 Nfd7 8. e3 Bd6 9. Bxd6 cxd6 10. Nge2 Nc6 11. Nf4 Bf5 12. Bd3 Ne7 13. Qd2 Bxd3 14. Qxd3 g6 15. e4 dxe4 16. fxe4 a6 17. Rf1 b5 18. Qf3 Rf8 19. 0-0-0 Qa5 20. Kb1 b4 21. Nce2 Rc8 22. Qb3 Qb5 23. Rd3 Nc6 24. Nxe6 Na5 25. Ng7+ Ke7 26. Qd5 Nb6 27. Rxf7+ Rxf7 28. Qe6+ Kf8 29. Qxg6 Qxd3 30. Qxd6+ Kg8 31. Qd8+ Rxd8 32. cxd3 Kxg7 0-1